| 000 | 00500nam a2200181 a 4500 | ||
|---|---|---|---|
| 005 | 20210223121306.0 | ||
| 008 | 991125s1961 mx 000 0 spa u | ||
| 035 | _aUPN01000015134 | ||
| 049 | _aC | ||
| 050 | 4 |
_aB43 _bA6.38 |
|
| 100 | 1 | _aApel, Max | |
| 245 | 1 | 0 |
_aDiccionario de filosofía / _cMax Apel ; tr. Orencio Muñoz. |
| 260 |
_aMéxico : _bUTEHA, _c1961. |
||
| 300 | _a341 p. | ||
| 440 | 0 |
_aManuales UTHEA ; _v101. _pFilosofía |
|
| 650 | 4 |
_aFILOSOFIA - _vDICCIONARIOS _99371 |
|
| 905 | _aLibro | ||
| 999 |
_c15134 _d15134 |
||